000 00521nam a2200193 a 4500
001 1767860135342
003 YourLibrary
005 20260108150645.0
008 260108s1996##################000#0#eng##
020 _a9780415087568
082 0 4 _a301.01
_bSAN
100 1 _aSandywell, Barry,
_eauthor.
245 1 0 _aReflexivity and the Crisis of Western Reason :
260 _bPsychology Press,
_c1996.
300 _a550 pages
650 0 _aConsciousness.
942 _cENGLISH
040 _aYourLibrary
_beng
_cYourLibrary
999 _c607822
_d607822